[Event "AUTO-MASTER-302"]
[Site "http://www.queenalice.com/game.php?id=201153"]
[Date "2007.4.23"]
[Round "1"]
[White "marcosnatal"]
[Black "Barabba"]
[Result "1-0"]
[WhiteElo "2192"]
[BlackElo "2171"]

1. d4 Nf6 2. c4 c5 3. d5 b5 4. cxb5 a6 5. bxa6 Bxa6 6. Nc3 g6 7. Nf3 Bg7 8. g3
d6 9. Bg2 O-O 10. O-O Nbd7 11. Bh3 Nb6 12. Re1 Nfd7 13. Bxd7 Qxd7 14. e4 Nc4 15.
Qc2 Qg4 16. Kg2 Bc8 17. Ng1 1-0

[Event "AUTO-MASTER-302"]
[Site "http://www.queenalice.com/game.php?id=201154"]
[Date "2007.4.23"]
[Round "1"]
[White "Barabba"]
[Black "marcosnatal"]
[Result "0-1"]
[WhiteElo "2160"]
[BlackElo "2203"]

1. d4 d5 2. e4 dxe4 3. Nc3 Nf6 4. f3 exf3 5. Nxf3 g6 6. Bc4 Nc6 7. O-O Bg7 8.
Ne2 O-O 9. Qe1 Ne4 10. Qh4 Bf5 11. Bh6 Nxd4 12. Bxg7 Nxe2+ 13. Bxe2 Kxg7 14. g4
Bd7 15. g5 Bc6 16. Rad1 Qc8 17. Ne5 Qe6 18. Nxc6 Qxc6 19. Bf3 Qc5+ 20. Kh1 Nxg5
21. Bg2 f6 22. Rd5 Qb6 0-1

[Event "AUTO-MASTER-302"]
[Site "http://www.queenalice.com/game.php?id=201167"]
[Date "2007.4.23"]
[Round "1"]
[White "Pato"]
[Black "Barabba"]
[Result "0-1"]
[WhiteElo "2069"]
[BlackElo "2178"]

1. f4 d5 2. b3 e6 3. Bb2 Nf6 4. Nf3 c5 5. e3 Be7 6. Bb5+ Bd7 7. a4 O-O 8. O-O a6
9. Bxd7 Nbxd7 10. Ne5 Qc7 11. d3 b5 12. Nd2 c4 13. dxc4 bxc4 14. Bd4 cxb3 15.
cxb3 Nxe5 16. Bxe5 Qb6 17. Qe2 Nd7 18. a5 Qa7 19. Bd4 Bc5 20. Nf3 Rab8 21. Rab1
Rb4 22. Rfc1 Bxd4 23. Nxd4 Qb7 24. Rc3 Nf6 25. Rbc1 Ne4 26. Rc7 Qa8 27. Qg4 Nf6
28. Qg3 Ne8 29. R7c5 Nd6 30. Rc7 Nf5 31. Qe1 Nxd4 32. exd4 Rxd4 33. f5 Re4 34.
Qf1 Qb8 35. f6 Qxb3 36. fxg7 Qe3+ 37. Kh1 Kxg7 38. Qxa6 Qe1+ 39. Qf1 Qxf1+ 40.
Rxf1 Ra4 41. Ra7 e5 42. a6 e4 43. Rd7 d4 44. h3 e3 45. Re7 Rxa6 46. Re4 Rd6 0-1

[Event "AUTO-MASTER-302"]
[Site "http://www.queenalice.com/game.php?id=201168"]
[Date "2007.4.23"]
[Round "1"]
[White "Barabba"]
[Black "Pato"]
[Result "1-0"]
[WhiteElo "2156"]
[BlackElo "1959"]

1. d4 Nf6 2. Nc3 e5 3. dxe5 Ng4 4. Nf3 Bc5 5. e3 Nc6 6. Bc4 O-O 7. O-O Re8 8.
Bxf7+ Kxf7 9. Qd5+ Kf8 10. Qxc5+ Qe7 11. Qxe7+ Kxe7 12. Ng5 Ngxe5 13. Nxh7 d6
14. Ng5 Bf5 15. e4 Be6 16. Nxe6 Kxe6 17. Nb5 Kd7 18. c3 Nd3 19. f3 Nce5 20. Rd1
Nxc1 21. Raxc1 g5 22. Nd4 a5 23. h3 a4 24. c4 b6 25. Nb5 Kc6 26. Nc3 Ng6 27. Ne2
Rh8 28. Rd5 Ne5 29. Nd4+ Kb7 30. Ne6 Rhg8 31. c5 Ra5 32. cxb6 Rxd5 33. Rxc7+
Kxb6 34. exd5 Nd3 35. b3 axb3 36. axb3 Nc5 37. Rc6+ 1-0

[Event "AUTO-MASTER-302"]
[Site "http://www.queenalice.com/game.php?id=201177"]
[Date "2007.4.23"]
[Round "1"]
[White "Barabba"]
[Black "jimwilson"]
[Result "1-0"]
[WhiteElo "2162"]
[BlackElo "2043"]

1. d4 Nf6 2. Nc3 d5 3. Bg5 e6 4. e4 dxe4 5. Nxe4 Be7 6. Bxf6 Bxf6 7. Nxf6+ Qxf6
8. Nf3 O-O 9. Bd3 Nc6 10. O-O Rd8 11. c3 Ne7 12. Qe2 Ng6 13. g3 Bd7 14. Be4 Rab8
15. h4 Re8 16. Bxg6 fxg6 17. Ne5 Bc6 18. Nxc6 bxc6 19. Rfe1 Re7 20. b4 Rb5 21.
Qc4 Rf5 22. Re2 Rf7 23. Rf1 Rf3 24. Kh2 Kh8 25. Qxe6 h5 26. Qxf6 R7xf6 27. Rc2
Kg8 28. Kg2 Kf7 29. Re1 R3f5 30. Re4 g5 31. hxg5 Rxg5 32. Rce2 Rgf5 33. Re7+ Kg6
34. Rxc7 Rg5 35. Rxa7 h4 36. Rae7 1-0

[Event "AUTO-MASTER-302"]
[Site "http://www.queenalice.com/game.php?id=201178"]
[Date "2007.4.23"]
[Round "1"]
[White "jimwilson"]
[Black "Barabba"]
[Result "0-1"]
[WhiteElo "2049"]
[BlackElo "2162"]

1. d4 Nf6 2. c4 c5 3. d5 b5 4. cxb5 a6 5. e3 g6 6. b3 axb5 7. Bb2 Bg7 8. Nf3 O-O
9. Be2 d6 10. O-O Bb7 11. Bxb5 Bxd5 12. Nc3 Bb7 13. Qe2 Na6 14. Rfd1 Nc7 15. Bc4
Ra5 16. a3 Qa8 17. b4 Bxf3 18. Qxf3 Qxf3 19. gxf3 cxb4 20. axb4 Rxa1 21. Rxa1
Rb8 22. b5 d5 23. Bb3 e6 24. Ra7 Nfe8 25. Ba4 Na8 26. Bc2 Nb6 27. Bd3 Nd6 28.
Ra6 Nbc4 29. Bxc4 Nxc4 30. Ba1 g5 31. h3 Nd2 32. Kg2 Nb3 33. Bb2 Nc5 34. Ra7 Be5
35. Ba1 Kg7 36. Na4 Bxa1 37. Nxc5 Rxb5 38. Rxa1 Rxc5 39. Ra4 Rc4 40. Rxc4 dxc4
41. Kf1 Kg6 0-1

[Event "Torneo Italiano"]
[Site "http://www.queenalice.com/game.php?id=215930"]
[Date "2007.5.24"]
[Round "2"]
[White "mateintwo"]
[Black "Barabba"]
[Result "1-0"]
[WhiteElo "2334"]
[BlackElo "2178"]

1. e4 g6 2. d4 d6 3. Nc3 c6 4. Nf3 Bg7 5. Bc4 Nf6 6. Bb3 O-O 7. O-O Qc7 8. Qe2
e5 9. dxe5 dxe5 10. a4 Nbd7 11. Qc4 Nb6 12. Qc5 Nbd7 13. Qe7 Ne8 14. Rd1 Bf6 15.
Qa3 Nb6 16. a5 Nd7 17. h3 Ng7 18. Bg5 1-0

[Event "AUTO-MASTER-321"]
[Site "http://www.queenalice.com/game.php?id=216872"]
[Date "2007.5.26"]
[Round "1"]
[White "Alcymist"]
[Black "Barabba"]
[Result "1-0"]
[WhiteElo "2268"]
[BlackElo "2171"]

1. e4 g6 2. d4 d6 3. Nc3 c6 4. Nf3 Bg7 5. Be3 Nf6 6. Qd2 Qa5 7. Be2 b5 8. Bd3
Bg4 9. Ne2 Qxd2+ 10. Nxd2 Na6 11. c3 Nc7 12. a4 a6 13. axb5 axb5 14. Rxa8+ Nxa8
15. f3 Bd7 16. Kf2 Kd8 17. Ra1 Kc7 18. e5 Nd5 19. exd6+ exd6 20. Ra7+ Kb6 21.
Rxd7 Nxe3 22. Kxe3 Bh6+ 23. f4 Nc7 24. c4 Ne6 25. d5 Nc5 26. Rxd6 Re8+ 27. Be4
Nxe4 28. Nxe4 f5 29. Rxc6+ 1-0

[Event "AUTO-MASTER-321"]
[Site "http://www.queenalice.com/game.php?id=216873"]
[Date "2007.5.26"]
[Round "1"]
[White "Barabba"]
[Black "Alcymist"]
[Result "1-0"]
[WhiteElo "2128"]
[BlackElo "1888"]

1. d4 Nf6 2. Bg5 e6 3. Nd2 Nc6 4. e3 h6 5. Bxf6 Qxf6 6. Ngf3 d5 7. c4 Bd6 8. Qb3
O-O 9. Be2 Na5 10. Qb5 Nxc4 11. Bxc4 a6 12. Qb3 dxc4 13. Nxc4 b5 14. Nce5 c5 15.
O-O cxd4 16. exd4 Qf5 17. Rac1 Bb7 18. a4 Bd5 19. Qd1 Rfc8 20. Qe2 Rxc1 21. Rxc1
f6 22. Nd7 Qf4 23. Qe3 Rd8 24. Nb6 Kf7 25. Nxd5 1-0

[Event "AUTO-MASTER-321"]
[Site "http://www.queenalice.com/game.php?id=216888"]
[Date "2007.5.26"]
[Round "1"]
[White "Bruscato"]
[Black "Barabba"]
[Result "1-0"]
[WhiteElo "2199"]
[BlackElo "2170"]

1. e4 e5 2. Nc3 Nf6 3. f4 d5 4. fxe5 Nxe4 5. d3 Nxc3 6. bxc3 Be7 7. Nf3 O-O 8.
Be2 f6 9. O-O fxe5 10. Nxe5 Bf6 11. Ba3 Be7 12. Bxe7 Qxe7 13. Rxf8+ Qxf8 14. Qd2
Nd7 15. Qg5 Qf6 16. Qxf6 Nxf6 17. Bf3 a5 18. Rb1 Ra6 19. Rb5 c6 20. Rb1 Nd7 21.
Nxd7 Bxd7 22. Rxb7 Be6 23. Re7 Bf7 24. Rb7 Be6 25. Kf2 Kf8 26. Ke3 d4+ 27. Kxd4
Bxa2 28. c4 1-0

[Event "AUTO-MASTER-321"]
[Site "http://www.queenalice.com/game.php?id=216889"]
[Date "2007.5.26"]
[Round "1"]
[White "Barabba"]
[Black "Bruscato"]
[Result "1/2-1/2"]
[WhiteElo "2170"]
[BlackElo "2173"]

1. d4 Nf6 2. Bg5 h6 3. Bxf6 exf6 4. e3 d5 5. Bd3 Bd6 6. Ne2 O-O 7. Nd2 Bg4 8. h3
Bh5 9. c4 dxc4 10. Nxc4 Bb4+ 11. Nd2 Bxe2 12. Qxe2 c5 13. dxc5 Nd7 14. Rd1 Nxc5
15. Bb1 Na4 16. a3 Nxb2 17. axb4 Nxd1 18. Qxd1 Qd6 19. Qc2 Rfd8 20. Ke2 Rac8 21.
Qh7+ Kf8 22. Ne4 Qxb4 23. Qh8+ Ke7 24. Qxg7 Qb5+ 1/2-1/2

[Event "AUTO-MASTER-321"]
[Site "http://www.queenalice.com/game.php?id=216900"]
[Date "2007.5.26"]
[Round "1"]
[White "Barabba"]
[Black "Kisei"]
[Result "0-1"]
[WhiteElo "2138"]
[BlackElo "2201"]

1. d4 Nf6 2. Nc3 d5 3. e4 Nxe4 4. Nxe4 dxe4 5. Bf4 e6 6. Ne2 Bd6 7. Qd2 O-O 8.
O-O-O Bd7 9. h4 Bb5 10. h5 Nc6 11. h6 g6 12. c3 e5 0-1

[Event "AUTO-MASTER-321"]
[Site "http://www.queenalice.com/game.php?id=216901"]
[Date "2007.5.26"]
[Round "1"]
[White "Kisei"]
[Black "Barabba"]
[Result "1-0"]
[WhiteElo "2190"]
[BlackElo "2149"]

1. e4 b6 2. d4 Bb7 3. Bd3 e6 4. Nf3 c5 5. c3 cxd4 6. cxd4 Nf6 7. Nc3 Bb4 8. Qc2
Nc6 9. a3 Be7 10. e5 Ng4 11. h3 Nxd4 12. Nxd4 1-0

[Event "Alcymist"]
[Site "http://www.queenalice.com/game.php?id=217946"]
[Date "2007.5.29"]
[Round "1"]
[White "javierqz"]
[Black "Barabba"]
[Result "1/2-1/2"]
[WhiteElo "2063"]
[BlackElo "2119"]

1. e4 Nf6 2. Nc3 e5 3. f4 d5 4. fxe5 Nxe4 5. Nf3 Bg4 6. d3 Nxc3 7. bxc3 Be7 8.
Be2 O-O 9. O-O Nd7 10. d4 c6 11. Qe1 f6 12. exf6 Nxf6 13. Bd3 Nd7 14. Qg3 Bxf3
15. Rxf3 Rxf3 16. Qxf3 Qf8 17. Qh3 Nf6 18. Rb1 b6 19. Bg5 h6 20. Bxf6 Bxf6 21.
Qe6+ Qf7 22. Qxc6 Re8 23. Rf1 Qe6 24. Qc7 Qe3+ 25. Kh1 Qe7 26. Qf4 Qe6 27. c4
dxc4 28. d5 Qd7 29. Qxc4 Kh8 30. Bf5 Qd6 31. Be6 Rf8 32. g3 Be7 33. Rxf8+ Bxf8
34. Qf1 Qe7 35. Kg2 Qf6 36. Qxf6 gxf6 37. Kf3 Kg7 38. Kf4 Bc5 39. Kf5 Bd6 40. c4
Bc5 41. g4 Bd6 42. h3 Bc5 43. Bc8 Kf7 44. Be6+ Kg7 1/2-1/2

[Event "AUTO-MASTER-260"]
[Site "http://www.queenalice.com/game.php?id=240865"]
[Date "2007.7.16"]
[Round "2"]
[White "Pato"]
[Black "Barabba"]
[Result "1-0"]
[WhiteElo "2069"]
[BlackElo "2187"]

1. f4 e5 2. fxe5 d6 3. exd6 Bxd6 4. Nf3 Nf6 5. d4 O-O 6. Bg5 Re8 7. Nc3 Bf5 8.
Qd2 Ne4 9. Bxd8 Nxd2 10. Nxd2 Rxd8 11. e4 Bg6 12. Bc4 Nc6 13. Ne2 Bf4 14. Nxf4
Nxd4 15. O-O-O b5 16. Nxg6 hxg6 17. Bb3 a5 18. c3 Ne2+ 19. Kb1 1-0

[Event "AUTO-MASTER-260"]
[Site "http://www.queenalice.com/game.php?id=240866"]
[Date "2007.7.16"]
[Round "2"]
[White "Barabba"]
[Black "Pato"]
[Result "1-0"]
[WhiteElo "2171"]
[BlackElo "1992"]

1. d4 Nf6 2. Nc3 e5 3. dxe5 Ng4 4. Nf3 Nc6 5. Bf4 f6 6. exf6 Qxf6 7. Nd5 Qxb2 8.
Nxc7+ Kd8 9. Nxa8 Bb4+ 10. Bd2 Re8 11. e3 Rxe3+ 12. fxe3 Nxe3 13. Qc1 Nxc2+ 14.
Kd1 1-0

[Event "AUTO-MASTER-260"]
[Site "http://www.queenalice.com/game.php?id=240869"]
[Date "2007.7.16"]
[Round "2"]
[White "rickma00"]
[Black "Barabba"]
[Result "0-1"]
[WhiteElo "1986"]
[BlackElo "2092"]

1. e4 d5 2. exd5 Qxd5 3. Nc3 Qd6 4. d4 Nf6 5. Be3 c6 6. Qd2 Bf5 7. Nf3 e6 8. Bd3
Bxd3 9. Qxd3 Nbd7 10. O-O-O h6 11. Rhe1 Be7 12. Kb1 O-O-O 13. Qe2 Nd5 14. Ne4
Qb4 15. a3 Qa5 16. c4 N5f6 0-1

[Event "AUTO-MASTER-260"]
[Site "http://www.queenalice.com/game.php?id=240870"]
[Date "2007.7.16"]
[Round "2"]
[White "Barabba"]
[Black "rickma00"]
[Result "0-1"]
[WhiteElo "2133"]
[BlackElo "2064"]

1. d4 d5 2. e4 dxe4 3. Nc3 Nf6 4. f3 exf3 5. Nxf3 Bg4 6. h3 Bh5 7. g4 Bg6 8. Ne5
e6 9. Qf3 c6 10. g5 Bh5 0-1

[Event "AUTO-MASTER-260"]
[Site "http://www.queenalice.com/game.php?id=240871"]
[Date "2007.7.16"]
[Round "2"]
[White "ENDHER"]
[Black "Barabba"]
[Result "1-0"]
[WhiteElo "2297"]
[BlackElo "2100"]

1. d4 Nf6 2. c4 c5 3. dxc5 e5 4. e4 Nxe4 5. Qd5 Nxc5 6. Qxe5+ Ne6 7. Nc3 Nc6 8.
Qe4 Bb4 9. Bd3 Bxc3+ 10. bxc3 Qe7 11. Nf3 Nc5 12. Qxe7+ Nxe7 13. Bc2 1-0

[Event "AUTO-MASTER-260"]
[Site "http://www.queenalice.com/game.php?id=240872"]
[Date "2007.7.16"]
[Round "2"]
[White "Barabba"]
[Black "ENDHER"]
[Result "0-1"]
[WhiteElo "2107"]
[BlackElo "2290"]

1. d4 d5 2. e4 dxe4 3. Nc3 Nf6 4. f3 Bf5 5. fxe4 Nxe4 6. Qf3 e6 7. Nxe4 Qxd4 8.
Bd3 Nd7 9. Ne2 Qb4+ 10. c3 Qb6 11. Nd4 Ne5 12. Qg3 Nxd3+ 13. Qxd3 O-O-O 0-1